| 000 | 00477nam a22001937a 4500 | ||
|---|---|---|---|
| 001 | 00120 | ||
| 003 | DO-SdBNP | ||
| 005 | 20180417082612.0 | ||
| 007 | 00120 | ||
| 008 | 160322b sp 1967 ||||| |||| 00| 0 spa d | ||
| 040 |
_aBPMSU _bspa _cBPMSU |
||
| 092 |
_axxxxxxxxx _bxxxxxxxxx |
||
| 245 | _aCálculo | ||
| 260 |
_aMadrid : _bEdiciones S. M., _c1967. |
||
| 300 |
_a128 p. : _bil., _c24 cm. |
||
| 942 |
_2ddc _cBK |
||
| 945 | _ainventariado, 2018 / dg | ||
| 956 | _aBrenda Tavárez | ||
| 999 |
_c9368 _d9368 |
||